Obnovení družstevních principů a vnitřní transformace zemědělských družstev.

Potlačovanie súkromného vlastníctva po r. 1948 v Československu. Ekonomicko-politické požiadavky transformácie vlastníckych vzťahov v poľnohospodárstve. Problémy transformácie pri obnovovaní vlastníckych podielov (nedostatok kapitálu, nezáujem o priame hospodárenie..). Záujem o podnikanie na princíp...

Descrizione completa

Salvato in:
Dettagli Bibliografici
Autore principale: Trávníček, Z.
Altri autori: Lipták, M.
Natura: Capitolo di libro
Lingua:ceco
Soggetti:
Tags: Aggiungi Tag
Nessun Tag, puoi essere il primo ad aggiungerne!!

MARC

LEADER 00000naa a2200000 4500
001 r008683
005 20220831091125.5
041 0 |a cze 
044 |a [CS] 
245 1 0 |a Obnovení družstevních principů a vnitřní transformace zemědělských družstev.  |c Z. Trávníček, M. Lipták 
520 |a Potlačovanie súkromného vlastníctva po r. 1948 v Československu. Ekonomicko-politické požiadavky transformácie vlastníckych vzťahov v poľnohospodárstve. Problémy transformácie pri obnovovaní vlastníckych podielov (nedostatok kapitálu, nezáujem o priame hospodárenie..). Záujem o podnikanie na princípe prenájmu. Zásady nového usporiadania družstiev. Zmeny v riadiacej práci. 
610 2 0 |a družstvá poľnohospodárske 
610 2 0 |a vlastníctvo súkromné 
610 2 0 |a vlastníctvo družstevné 
610 2 0 |a JRD 
610 2 0 |a prenájom 
610 2 0 |a podnikanie 
610 2 0 |a práca riadiaca 
610 2 0 |a transformácia 
100 1 |a Trávníček, Z. 
700 1 |a Lipták, M.